Software reuse : architecture process and organization for business success

Αποθηκεύτηκε σε:
Λεπτομέρειες βιβλιογραφικής εγγραφής
Κύριος συγγραφέας: Jacobson, Ivar
Άλλοι συγγραφείς: Griss, Martin, Jonsson, Patrik
Μορφή: Βιβλίο
Γλώσσα:English
Δημοσίευση: New York : Harlow, England : ACM Press, Addison-Wesley, c1997
Θέματα:
Ετικέτες: Προσθήκη ετικέτας
Δεν υπάρχουν, Καταχωρήστε ετικέτα πρώτοι!

MARC

LEADER 00000nam a2200000 i 4500
001 1/32985
008 060801s1997 eng d
020 |a 0-201-92476-5 
035 |l 10084824 
040 |a GR-MY-UA  |b gre  |e aacr 
041 0 |a eng 
082 0 |a 005.1  |2 (22) 
100 1 |a Jacobson, Ivar. 
245 1 0 |a Software reuse :  |b architecture process and organization for business success /  |c Ivar Jacobson, Martin Griss, Patrik Jonsson 
260 |a New York :   |a Harlow, England :   |b ACM Press,   |b Addison-Wesley,   |c c1997 
300 |a xxviii, 497 σ.;  |b εικ.;  |c 25 εκ. 
504 |a Βιβλιογραφία: σ. 466-479. Ευρετήριο 
650 0 0 |a Computer software  |x Reusability. 
700 1 |a Griss, Martin. 
700 1 |a Jonsson, Patrik. 
852 |a INST  |b SYROS  |e 20060801  |h 005.1 JAC  |p 005500004734  |q 005500004734  |t BK  |y 0 
901 |a BIBL5-2006-2 
909 |a Ε  |b 117623 
920 |a ΑΝΑΜΟΡΦΩΣΗ  |b ΕΠΕΑΕΚ ΙΙ-ΤΜΣΠΣ  |y ΣΥΡΟΣ  |z 2006-06 
970 |a ΚΑΓΙΑΒΑ  |b ΕΙΡΗΝΗ  |z 2006/08/01